000 01062cam a22002415a 4500
001 L156912
008 120730s2012 xxk f 000 0 eng d
035 _a(Sirsi) u156912
041 0 _aeng
110 2 _aBuilding Cost Information Services
_96102
245 0 0 _aBCIS civil engineering market report
_bmay 2012
_h[electronic resource]
260 _aS.I
_bBCIS
_c2012
490 0 _aBCIS Civil Engineering Market Report
_vMay 2012
505 2 _aSummary -- Market size -- Trends in demand -- trends in costs -- Demand forecast -- Cost forecast -- Notes.
520 _aGives an overview of the current state of the market, including trends and size, and includes predictions for the forthcoming year.
521 _aAdvanced
650 2 4 _aBCIS GENERAL BUILDING COST INDEX
650 2 4 _aBCIS GENERAL CIVIL ENGINEERING INDEX
651 4 _aEngland and Wales
_y1543-
690 _aCost management
_96233
856 4 0 _uhttps://www.bcis.co.uk/downloads/Civil_Engineering_Market_Report_May_2012.pdf
_zView this report free of charge at www.bcis.co.uk.
942 _n0
999 _c114483
_d114483